| 000 | 00689nam a2200265 a 4500 | ||
|---|---|---|---|
| 001 | nice12345678 | ||
| 003 | IN_TiNIC | ||
| 005 | 20260116013613.0 | ||
| 008 | 050524s1993 lona grp 000 0 eng | ||
| 020 |
_a0194882 _c100 |
||
| 082 | 0 | 0 |
_a954.092072 _bFIN |
| 100 | _aFindly, Ellison Banks | ||
| 245 |
_aNur Jahan _b Empress of Mughal India |
||
| 260 |
_aLondan _bOxford University Press _c1993 |
||
| 300 | _a407p | ||
| 500 | _aincludes index and biblioraphy | ||
| 505 | 2 | _aIndex | |
| 650 | _aWomen-Biography | ||
| 650 | _aMughal Biography | ||
| 650 | _aNur Jahan-Biography | ||
| 700 | 1 | _aFindly, Ellison Banks | |
| 902 | _bSRS | ||
| 942 | _cBK | ||
| 999 |
_c11630 _d11630 |
||